Civil law cases [CLC, 2021, Vol.XLIII] / (Record no. 126716)
[ view plain ]
| 000 -LEADER | |
|---|---|
| fixed length control field | 00437nam a22001457a 4500 |
| 005 - DATE AND TIME OF LATEST TRANSACTION | |
| control field | 20220521095233.0 |
| 008 - FIXED-LENGTH DATA ELEMENTS--GENERAL INFORMATION | |
| fixed length control field | 220521b ||||| |||| 00| 0 eng d |
| 040 ## - CATALOGING SOURCE | |
| Transcribing agency | PK-LaUMT |
| 082 ## - DEWEY DECIMAL CLASSIFICATION NUMBER | |
| Classification number | 346.00264P |
| Item number | WAH-C |
| 100 ## - MAIN ENTRY--PERSONAL NAME | |
| Personal name | Wahaj Azhar, Muhammad |
| 245 ## - TITLE STATEMENT | |
| Title | Civil law cases [CLC, 2021, Vol.XLIII] / |
| Statement of responsibility, etc | by Muhammad Wahaj Azhar and Kashir Mir Zubair |
| 260 ## - PUBLICATION, DISTRIBUTION, ETC. (IMPRINT) | |
| Place of publication, distribution, etc | Lahore : |
| Name of publisher, distributor, etc | The Civil Law Cases, |
| Date of publication, distribution, etc | 2021 |
| 300 ## - PHYSICAL DESCRIPTION | |
| Extent | 3 vols. |
| 942 ## - ADDED ENTRY ELEMENTS (KOHA) | |
| Koha item type | Books |
| Withdrawn status | Lost status | Damaged status | Home library | Current library | Date acquired | Full call number | Barcode | Date last seen | Copy number | Price effective from | Koha item type |
|---|---|---|---|---|---|---|---|---|---|---|---|
| UMT Main Campus | UMT Main Campus | 2022-05-21 | 346.00264P WAH-C | 143039 | 2022-05-21 | Vol.1 | 2022-05-21 | Books | |||
| UMT Main Campus | UMT Main Campus | 2022-05-21 | 346.00264P WAH-C | 143040 | 2022-05-21 | Vol.2 | 2022-05-21 | Books | |||
| UMT Main Campus | UMT Main Campus | 2022-05-21 | 346.00264P WAH-C | 143041 | 2022-05-21 | Vol.3 | 2022-05-21 | Books |
